000 00924nam a2200229 a 4500
001 64278
003 BD-RjUL
005 20211209081305.0
008 170213s1969 ii ||||| |||| 00| 0 ben d
020 _c: Tk. 8.75
035 _a(BD-RjUL)64408
040 _aBD-RjUL
_bben
_cBD-RjUL
_dBD-RjUL
041 _aben
082 _223
_a891.4408
_bMUB 1969
100 1 _aমুখোপাধ্যায়, বিমলকুমার
_9190905
245 1 0 _aবিচিত্র প্রসঙ্গ /
_cবিমলকুমার মুখোপাধ্যায়
260 _aকলিকাতা :
_bআলফা পাবলিশিং কনসার্ণ,
_c১৯৬৯
300 _a১৭৯ পৃ. ;
_c১৯ সেমি.
650 _aবাংলা সাহিত্য
_vসংগৃহিত প্রবন্ধ
_9136663
650 _aBengali literature
_vCollected Essay
_9136664
942 _2ddc
_cBK
999 _c64278
_d64278